Statistieken voor Jupiler Pro League clubs sinds 2000

Klik hier om de quiz te nemen!

Algemene statistieken

  • Deze quiz is 71 keer genomen
  • De gemiddelde score is 26 van 37

Antwoordstatistieken

Periode in JPLClub% Correct
2000-...KRC Genk
100%
2000-...Club Brugge
98%
2000-...KAA Gent
98%
2000-...RSC Anderlecht
96%
2000-2004, 2017-...Antwerp
95%
2003-2015, 2018-...Cercle Brugge
95%
2000-...Standard
95%
2008-...KV Kortrijk
93%
2000-2001, 2002-2003, 2007-2018, 2019-...KV Mechelen
93%
2004-2005, 2013-2023KV Oostende
93%
2005-2023Zulte Waregem
93%
2000-2013, 2020-2022Beerschot
91%
2000-2008, 2009-2012, 2015-...Sint-Truiden (STVV)
91%
2021-...Union Sint-Gillis
91%
2000-2011, 2012-...Charleroi
85%
2010-2011, 2016-...KAS Eupen
85%
2011-2014, 2015-2016, 2020-...OH Leuven
82%
2021-2023RFC Seraing
82%
2000-2007, 2010-2015Lierse SK
80%
2012-2021Waasland-Beveren
80%
2001-2002, 2023-...RWDM
76%
2000-2019KSC Lokeren
75%
2000-2012, 2014-2017, 2022-...KVC Westerlo
75%
2000-2007SK Beveren
64%
2000-2010Excelsior Moeskroen
60%
2014-2021Royal Excel Moeskroen
60%
1999-2000, 2001-2003Lommel SK
55%
2007-2009Dender EH
44%
2002-2005, 2006-2009, 2011-2014RAEC Mons
44%
2000-2006
La Louviére
40%
2000-2002Eendracht Aalst
38%
2005-2010KSV Roeselare
35%
2000-2001KRC Harelbeke
22%
1999-2000Verbroedering Geel
20%
2003-2004Heusden-Zolder
13%
2008-2009AFC Tubize
11%
2004-2008FC Brussels
11%

Scoreverdeling

Percentiel versus Aantal Correcte Antwoorden

Procent van Mensen met Elke Score

Uw Scoregeschiedenis

U heeft deze quiz nog niet genomen